مشكلات تعليم اللغة العربية على مستوى المبتدئين فى أوروبا
محفوظ في:
| المؤلف الرئيسي: | |
|---|---|
| مؤلفون آخرون: | , |
| التنسيق: | أطروحة |
| اللغة: | Arabic |
| منشور في: |
خرطوم
: معهد خرطوم دولى غة عربية،
1991
|
| الموضوعات: | |
| الوسوم: |
إضافة وسم
لا توجد وسوم, كن أول من يضع وسما على هذه التسجيلة!
|
| LEADER | 015410000a22003490004500 | ||
|---|---|---|---|
| 001 | 88811 | ||
| 005 | 20091201114200.0 | ||
| 008 | 940524s1991 ara | ||
| 035 | |a 295125 | ||
| 035 | |a (Sirsi) 88811 | ||
| 040 | |a UIAM |b eng | ||
| 043 | |a f-et--- | ||
| 049 | |b m | ||
| 050 | |a PJ6068E7 | ||
| 100 | 1 | |a محمد، محمد سلطان | |
| 245 | 1 | 0 | |a مشكلات تعليم اللغة العربية على مستوى المبتدئين فى أوروبا |
| 246 | 0 | 0 | |a Mushkilat ta'lim al-lughah al-'Arabiyah 'ala mustawa al-mubtadi'in fi Urumiya / |c i'dad Muhammad Sultan Muhammad ; ishraf 'Abd Allah Hamdana Allah |
| 260 | 1 | |a خرطوم |b : معهد خرطوم دولى غة عربية، |c 1991 | |
| 300 | |a 81 p. ;33 cm. | ||
| 502 | |a (M.A)--Ma'had al-Khartum al-Duwali lil-lughat al-'Arabiyah, 1991 | ||
| 596 | |a 1 | ||
| 650 | 8 | |a لغة عربية |x قواعد املاء و هجاء طرق التدريس |z أرتريا | |
| 650 | 8 | |a لغة عربية |x طرق تدريس (مدارس ابتدائية) |z أرتريا | |
| 650 | 8 | |a رسالة جامعية | |
| 650 | 0 | |a Arabic language |x Study and teaching Primary |z Ethiopia | |
| 655 | 0 | 7 | |a Theses, non-IIUM |
| 700 | 1 | |a Muhammad, Muhammad Sultan | |
| 700 | 1 | |a Hamdana Allah, 'Abd Allah | |
| 710 | 1 | |a Ma'had al-Khartum al-Dawli lil-Lughah al-'Arabiyah | |
| 900 | |a checked a r r 150496-naw | ||
| 999 | |c 430547 |d 462038 | ||
| 952 | |0 0 |6 T PJ 006068 E7M9525M 1991 |7 0 |8 THESES |9 749816 |a IIUM |b IIUM |c MULTIMEDIA |g 0.00 |o t PJ6068E7M9525M 1991 |p 00000295140 |r 2017-10-19 |t 1 |v 0.00 |y THESIS | ||
